[Event "DEM U14w 2009"]
[Site "Willingen GER"]
[Date "2009.06.02"]
[Round "5"]
[White "Zeller, Elisa"]
[Black "Schätz, Bianca"]
[Result "1/2-1/2"]
[Termination "normal"]
[Board "4"]
[WhiteElo "1662"]
[BlackElo "1458"]
[PlyCount "111"]
[WhiteFideId "24662410"]
[BlackFideId "24655821"]
[EventCountry "GER"]
[EventRounds "9"]
[EventType "swiss"]
[EventDate "2009.05.30"]

1. e4 c5 2. Nf3 Nc6 3. d4 cxd4 4. Nxd4 g6 5. c4 Bg7 6. Be3 Nf6 7. Nc3 O-O 8.
Be2 d6 9. O-O Bd7 10. Qd2 Nxd4 11. Bxd4 Bc6 12. f3 a5 13. Rab1 a4 14. b4 axb3
15. axb3 Nd7 16. Be3 Nc5 17. b4 Na4 18. Nxa4 Rxa4 19. Qd1 Qa8 20. Bd4 Bxd4+ 21.
Qxd4 Qa7 22. Qxa7 Rxa7 23. Rb2 Rfa8 24. Rfb1 b6 25. Kf2 Ra3 26. c5 dxc5 27.
bxc5 bxc5 28. Rc1 R8a5 29. Rbc2 Bb7 30. Rxc5 Rxc5 31. Rxc5 Ra2 32. Rc3 Ba6 33.
Re3 Kg7 34. f4 Kf6 35. Kf3 Bxe2+ 36. Rxe2 Rxe2 37. Kxe2 e5 38. g3 g5 39. Kf3 h5
40. h3 gxf4 41. gxf4 Ke6 42. h4 Kd6 43. fxe5+ Kxe5 44. Ke3 f6 45. Kf3 f5 46.
exf5 Kxf5 47. Kg3 Ke4 48. Kg2 Kf4 49. Kh2 Kg4 50. Kg2 Kxh4 51. Kh2 Kg4 52. Kg2
h4 53. Kh2 h3 54. Kh1 Kg3 55. Kg1 h2+ 56. Kh1 1/2-1/2

[Event "DEM U14w 2009"]
[Site "Willingen GER"]
[Date "2009.06.02"]
[Round "5"]
[White "Kostré, Margarita"]
[Black "Marx, Inga"]
[Result "1/2-1/2"]
[Termination "normal"]
[Board "5"]
[WhiteElo "1747"]
[BlackElo "1460"]
[PlyCount "96"]
[WhiteFideId "4673344"]
[BlackFideId "4654749"]
[EventCountry "GER"]
[EventRounds "9"]
[EventType "swiss"]
[EventDate "2009.05.30"]

1. e4 d5 2. exd5 Qxd5 3. Nc3 Qd6 4. d4 Nf6 5. Nf3 a6 6. Bc4 b5 7. Bb3 Bb7 8.
O-O e6 9. Qd3 Be7 10. Bg5 O-O 11. Bxf6 Bxf6 12. Ne4 Qe7 13. c3 Nd7 14. Bc2 g6
15. a4 Bg7 16. axb5 f5 17. Ned2 axb5 18. Qxb5 Bxf3 19. Nxf3 Rab8 20. Qc4 Nb6
21. Qc6 Nd5 22. b3 Rb6 23. Qc4 Qd6 24. Qd3 c5 25. Ra4 cxd4 26. Nxd4 Rc8 27. Rc4
Rxc4 28. Qxc4 Rb8 29. Re1 Re8 30. Nb5 Qd7 31. Ra1 Nxc3 32. Nxc3 Rc8 33. Qa6
Rxc3 34. Rd1 Qc7 35. Qxe6+ Qf7 36. Rd8+ Bf8 37. Qe2 Qc7 38. Qe6+ Qf7 39. Qxf7+
Kxf7 40. Rd2 Bh6 41. Re2 Bf8 42. Kf1 Bb4 43. f3 Kf6 44. Kf2 h6 45. Bd1 Rd3 46.
Bc2 Rc3 47. Bd1 Rd3 48. Bc2 Rc3 1/2-1/2

[Event "DEM U14w 2009"]
[Site "Willingen GER"]
[Date "2009.06.02"]
[Round "5"]
[White "Gamisch, Laura"]
[Black "Lehmann, Patricia"]
[Result "1/2-1/2"]
[Termination "normal"]
[Board "6"]
[WhiteElo "1744"]
[BlackElo "1378"]
[PlyCount "65"]
[WhiteFideId "24615161"]
[BlackFideId "12900060"]
[EventCountry "GER"]
[EventRounds "9"]
[EventType "swiss"]
[EventDate "2009.05.30"]

1. d4 Nf6 2. c4 g6 3. Nc3 Bg7 4. e4 d6 5. Be2 O-O 6. Bg5 Bd7 7. Qd2 e5 8. d5
Na6 9. h4 Nc5 10. f3 Qc8 11. g4 h5 12. Bxf6 Bxf6 13. gxh5 gxh5 14. Qh6 Bg7 15.
Qxh5 f5 16. Qg6 Qe8 17. Qg3 Rf6 18. O-O-O Rg6 19. Qf2 fxe4 20. fxe4 Qf8 21. Nf3
Qf4+ 22. Kb1 Rg3 23. Rhg1 Rxg1 24. Rxg1 Nxe4 25. Nxe4 Qxe4+ 26. Ka1 Rf8 27. Qg3
Qh7 28. Qg5 Kh8 29. Qe3 b6 30. b3 Qh6 31. Qxh6+ Bxh6 32. Ng5 Bxg5 33. Rxg5
1/2-1/2

[Event "DEM U14w 2009"]
[Site "Willingen GER"]
[Date "2009.06.02"]
[Round "5"]
[White "Spangenberg, Romy"]
[Black "Düssler, Stefanie"]
[Result "0-1"]
[Termination "normal"]
[Board "7"]
[WhiteElo "1453"]
[BlackElo "1681"]
[PlyCount "134"]
[WhiteFideId "4627997"]
[BlackFideId "4634780"]
[EventCountry "GER"]
[EventRounds "9"]
[EventType "swiss"]
[EventDate "2009.05.30"]

1. e4 e6 2. d4 d5 3. Nc3 Bb4 4. exd5 Qxd5 5. Nf3 Nf6 6. Bd2 Qd8 7. Bd3 Nc6 8.
Ne2 Qe7 9. c3 Bd6 10. Bf4 e5 11. Bxe5 Nxe5 12. dxe5 Bxe5 13. Nxe5 Qxe5 14. O-O
O-O 15. Nd4 Bg4 16. Be2 Bxe2 17. Qxe2 Qxe2 18. Nxe2 Rad8 19. Rad1 Rfe8 20. Ng3
Kf8 21. b3 Nd5 22. c4 Nc3 23. Ra1 Rd2 24. a3 Rb2 25. b4 b6 26. h3 Ne2+ 27. Nxe2
Rexe2 28. Rab1 Rxb1 29. Rxb1 Rc2 30. c5 bxc5 31. bxc5 Rxc5 32. Rb7 a5 33. Ra7
Ke7 34. g3 Kd6 35. Ra6+ Kd5 36. Ra8 g6 37. Rh8 h5 38. Rf8 Ke6 39. Re8+ Kd7 40.
Re3 f5 41. Rd3+ Kc6 42. Re3 Rd5 43. Rc3+ Rc5 44. Re3 Kb5 45. Kg2 Rd5 46. Kf3
Rd6 47. Rc3 c5 48. g4 fxg4+ 49. hxg4 hxg4+ 50. Kxg4 c4 51. Kf4 Rd3 52. Rxd3
cxd3 53. Ke3 Kc4 54. Kd2 g5 55. Kd1 Kd4 56. a4 Ke4 57. Kd2 g4 58. Kc3 Kf3 59.
Kxd3 Kxf2 60. Kc4 g3 61. Kb5 g2 62. Kxa5 g1=Q 63. Kb5 Qb1+ 64. Ka6 Qd3+ 65. Kb6
Qb3+ 66. Ka5 Ke3 67. Ka6 Qxa4+ 0-1

[Event "DEM U14w 2009"]
[Site "Willingen GER"]
[Date "2009.06.02"]
[Round "5"]
[White "Tran, My Linh"]
[Black "Schmitt, Katrin"]
[Result "1-0"]
[Termination "normal"]
[Board "8"]
[WhiteElo "1813"]
[BlackElo "1606"]
[PlyCount "87"]
[WhiteFideId "24682462"]
[BlackFideId "24654400"]
[EventCountry "GER"]
[EventRounds "9"]
[EventType "swiss"]
[EventDate "2009.05.30"]

1. e4 e5 2. Nf3 Nc6 3. Bc4 Bc5 4. c3 Nf6 5. d3 a6 6. Bb3 Ba7 7. h3 d5 8. Qe2
O-O 9. Nbd2 Re8 10. Nf1 Na5 11. Bc2 dxe4 12. dxe4 Bd7 13. Bd3 Nc6 14. Ng3 Bc5
15. Bg5 Be7 16. Be3 Bf8 17. Nh2 Ne7 18. Rd1 c6 19. Bc4 b5 20. Bb3 Qc7 21. Ng4
Ng6 22. Bg5 Be7 23. Bxf6 Bxf6 24. Nxf6+ gxf6 25. Nh5 Red8 26. Nxf6+ Kg7 27. Qf3
Be6 28. Nh5+ Kf8 29. Rxd8+ Rxd8 30. Bxe6 Qe7 31. Bb3 Nh4 32. Qg3 Ng6 33. O-O c5
34. Qe3 Ke8 35. Bd5 Rd6 36. Ng7+ Kf8 37. Nf5 Qd7 38. Qh6+ Ke8 39. Nxd6+ Qxd6
40. Rd1 Qf6 41. Qxh7 Nf4 42. Qg8+ Ke7 43. Bxf7 Ne2+ 44. Kf1 1-0

[Event "DEM U14w 2009"]
[Site "Willingen GER"]
[Date "2009.06.02"]
[Round "5"]
[White "Rahimi, Rozafa"]
[Black "Berger, Nadja"]
[Result "0-1"]
[Termination "normal"]
[Board "9"]
[WhiteElo "1408"]
[BlackElo "1598"]
[PlyCount "106"]
[WhiteFideId "24692280"]
[BlackFideId "24692212"]
[EventCountry "GER"]
[EventRounds "9"]
[EventType "swiss"]
[EventDate "2009.05.30"]

1. e4 c5 2. Nf3 Nc6 3. d4 cxd4 4. Nxd4 e5 5. Nb5 a6 6. Nd6+ Bxd6 7. Qxd6 Qf6 8.
Qxf6 Nxf6 9. Nc3 d5 10. Nxd5 Nxd5 11. exd5 Nb4 12. Bd3 Nxd5 13. O-O f6 14. Be4
Ne7 15. b3 Rb8 16. f4 exf4 17. Bxf4 Ra8 18. Rfe1 Kf7 19. Bd6 Nf5 20. Bxf5 Bxf5
21. c4 Rhe8 22. a3 Rac8 23. c5 Re6 24. Kf2 Rce8 25. Rxe6 Bxe6 26. b4 Bb3 27. a4
Re4 28. a5 Ke6 29. Re1 Rxe1 30. Kxe1 Kd5 31. Kf2 Ba4 32. Bf4 Kc4 33. Bd2 Kd3
34. Be1 Ke4 35. Bd2 Bc6 36. Kg3 Kd3 37. Bf4 Kc3 38. Bc7 Kxb4 39. Bb6 Kc4 40.
Kh3 f5 41. g4 f4 42. g5 Kd3 43. Bc7 f3 44. Bg3 Kc4 45. Bf2 Kb5 46. Kg4 g6 47.
h4 Kxa5 48. h5 Kb5 49. hxg6 a5 50. Kf4 a4 51. Ke5 a3 52. Kf6 a2 53. Kg7 a1=Q+
0-1

[Event "DEM U14w 2009"]
[Site "Willingen GER"]
[Date "2009.06.02"]
[Round "5"]
[White "Polert, Annika"]
[Black "Schäfer, Ann-Kathrin"]
[Result "0-1"]
[Termination "normal"]
[Board "10"]
[WhiteElo "1487"]
[BlackElo "1647"]
[PlyCount "48"]
[WhiteFideId "24692328"]
[BlackFideId "24615412"]
[EventCountry "GER"]
[EventRounds "9"]
[EventType "swiss"]
[EventDate "2009.05.30"]

1. e4 e6 2. d4 d5 3. Nd2 dxe4 4. Nxe4 Qd5 5. Bd3 Bd7 6. Nf3 Bb5 7. c4 Bxc4 8.
Qa4+ b5 9. Nc3 bxa4 10. Nxd5 Bxd5 11. Ke2 Nf6 12. Bd2 Bd6 13. Bc2 a3 14. bxa3
Nbd7 15. a4 O-O 16. h3 e5 17. dxe5 Nxe5 18. Bc3 Nxf3 19. gxf3 Rfe8+ 20. Kd3
Bxf3 21. Rhg1 Be2+ 22. Kd2 Bf4+ 23. Ke1 Bc4+ 24. Kd1 Rad8+ 0-1

[Event "DEM U14w 2009"]
[Site "Willingen GER"]
[Date "2009.06.02"]
[Round "5"]
[White "Ludwig, Maria"]
[Black "Puffay, Jana"]
[Result "0-1"]
[Termination "normal"]
[Board "11"]
[WhiteElo "887"]
[BlackElo "1204"]
[PlyCount "62"]
[WhiteFideId "24655791"]
[BlackFideId "24692360"]
[EventCountry "GER"]
[EventRounds "9"]
[EventType "swiss"]
[EventDate "2009.05.30"]

1. e4 c5 2. Nf3 Nc6 3. d4 cxd4 4. Nxd4 g6 5. c4 Bg7 6. Be3 Nf6 7. Nc3 d6 8. Be2
O-O 9. Qd2 Bd7 10. O-O Qc7 11. Rab1 Ne5 12. f3 Nxc4 13. Bxc4 Qxc4 14. b3 Qc7
15. Rfc1 Bc6 16. Nd5 Qd7 17. Nb4 Rfc8 18. Nd3 a5 19. a4 e5 20. Ne2 Qe6 21. Nf2
d5 22. exd5 Qxd5 23. Qxd5 Nxd5 24. Bd2 b6 25. Ne4 Bf8 26. h3 Bb7 27. Rxc8 Rxc8
28. g3 Rc2 29. f4 exf4 30. gxf4 f5 31. Nd4 Ra2 0-1

[Event "DEM U14w 2009"]
[Site "Willingen GER"]
[Date "2009.06.02"]
[Round "5"]
[White "Röhlich, Anna"]
[Black "Liez, Franziska"]
[Result "1/2-1/2"]
[Termination "normal"]
[Board "12"]
[WhiteElo "1175"]
[BlackElo "1037"]
[PlyCount "83"]
[BlackFideId "1271766"]
[EventCountry "GER"]
[EventRounds "9"]
[EventType "swiss"]
[EventDate "2009.05.30"]

1. e4 e5 2. Nf3 Nc6 3. Bc4 Nf6 4. Ng5 d5 5. exd5 Na5 6. Bb5+ c6 7. dxc6 bxc6 8.
Qf3 Bd7 9. Ba4 h6 10. Ne4 Be7 11. Nbc3 Rc8 12. d3 c5 13. Bb3 c4 14. dxc4 Nxc4
15. O-O Nh7 16. Bxc4 Rxc4 17. b3 Rc6 18. Bb2 O-O 19. Rad1 a6 20. h3 Qc8 21. Nd5
Bd8 22. c4 Re8 23. Qd3 Bf5 24. Rfe1 Ng5 25. Re3 Nxe4 26. Rxe4 Bxe4 27. Qxe4 Rg6
28. Re1 Bc7 29. Nxc7 Qxc7 30. Qf3 Qa5 31. Ra1 Qc5 32. Re1 Rf6 33. Qg3 Rfe6 34.
Kh1 f6 35. f3 Kh7 36. h4 Rd8 37. Qg4 Qf2 38. Bc3 Red6 39. Qe4+ Kh8 40. a4 Qa2
41. Qb7 R8d7 42. Qa8+ 1/2-1/2

[Event "DEM U14w 2009"]
[Site "Willingen GER"]
[Date "2009.06.02"]
[Round "5"]
[White "Schünemann, Anne"]
[Black "Lange, Anika"]
[Result "0-1"]
[Termination "normal"]
[Board "13"]
[WhiteElo "1102"]
[BlackElo "1275"]
[PlyCount "74"]
[BlackFideId "24693405"]
[EventCountry "GER"]
[EventRounds "9"]
[EventType "swiss"]
[EventDate "2009.05.30"]

1. e4 c5 2. Nf3 Nc6 3. d4 cxd4 4. Nxd4 g6 5. Nc3 Bg7 6. Be3 d6 7. Bc4 Nf6 8.
Bb3 O-O 9. f3 e6 10. Qd2 d5 11. exd5 Nxd5 12. Bxd5 exd5 13. O-O-O a6 14. g4 Ne5
15. Bh6 Nc4 16. Qf4 Qb6 17. b3 Qb4 18. bxc4 Qxc3 19. Bxg7 Kxg7 20. cxd5 Qa3+
21. Kb1 Bd7 22. Rd3 Qa4 23. Re1 Qb4+ 24. Rb3 Qxe1+ 25. Kb2 Rac8 26. Nf5+ Bxf5
27. gxf5 Qe2 28. f6+ Kh8 29. Ka3 Rxc2 30. Rxb7 Rxa2+ 31. Kb4 Qd2+ 32. Kb3 Qxf4
33. Kxa2 Qxf3 34. Rb3 Qxd5 35. h4 Rc8 36. h5 Rc2+ 37. Ka3 Qa5# 0-1

[Event "DEM U14w 2009"]
[Site "Willingen GER"]
[Date "2009.06.03"]
[Round "6"]
[White "Pohl, Theresa"]
[Black "Kühnel, Lena"]
[Result "0-1"]
[Termination "normal"]
[Board "1"]
[WhiteElo "1700"]
[BlackElo "1728"]
[PlyCount "90"]
[BlackFideId "24640956"]
[EventCountry "GER"]
[EventRounds "9"]
[EventType "swiss"]
[EventDate "2009.05.30"]

1. d4 d5 2. c4 dxc4 3. e4 e5 4. d5 Nf6 5. Nc3 c6 6. Bxc4 b5 7. Bd3 b4 8. Nce2
cxd5 9. Bg5 d4 10. f4 h6 11. Bh4 g5 12. fxg5 Ng4 13. Bf2 Nxf2 14. Kxf2 hxg5 15.
Bb5+ Bd7 16. Bxd7+ Nxd7 17. g4 Bc5 18. Kg2 Nb6 19. Rc1 Rc8 20. Qd3 Qd7 21. h3
Rh6 22. Nf3 Qe7 23. Rhf1 Rhc6 24. Rf2 Bd6 25. Rcf1 Nc4 26. Nfxd4 exd4 27. Nxd4
R6c7 28. Nf5 Qe5 29. Nxd6+ Nxd6 30. Re1 Rd7 31. Qf3 Rc4 32. Rfe2 Nb5 33. Qf5
Qxf5 34. exf5+ Kf8 35. f6 Nd6 36. Re5 Rf4 37. Rxg5 Rxf6 38. Kg3 Rc7 39. Re2 Rc4
40. Ra5 Ne4+ 41. Kg2 a6 42. Re5 Nd6 43. Kg3 Nb5 44. R5e4 Nd4 45. Rd2 Nf5+ 0-1

[Event "DEM U14w 2009"]
[Site "Willingen GER"]
[Date "2009.06.03"]
[Round "6"]
[White "Schätz, Bianca"]
[Black "Rethmann, Kristin"]
[Result "1-0"]
[Termination "normal"]
[Board "2"]
[WhiteElo "1458"]
[BlackElo "1748"]
[PlyCount "121"]
[WhiteFideId "24655821"]
[BlackFideId "24655805"]
[EventCountry "GER"]
[EventRounds "9"]
[EventType "swiss"]
[EventDate "2009.05.30"]

1. f4 d5 2. Nf3 Nc6 3. g3 Bf5 4. Bg2 Nf6 5. d3 Qd7 6. O-O Bh3 7. Qe1 Bxg2 8.
Kxg2 e6 9. e4 dxe4 10. dxe4 O-O-O 11. a4 Nd4 12. Nxd4 Qxd4 13. Nd2 h5 14. c3
Qc5 15. Nf3 Qc6 16. Ne5 Qe8 17. b4 Nd7 18. Nxd7 Qxd7 19. Be3 Kb8 20. Rd1 Qe8
21. Qf2 a6 22. b5 a5 23. c4 Bb4 24. c5 Qe7 25. c6 b6 26. e5 Ka7 27. Kh1 Rd5 28.
Qf3 Qd8 29. Kg2 g6 30. Rxd5 Qxd5 31. Rd1 Qxf3+ 32. Kxf3 Kb8 33. Rd7 Rf8 34. h3
Bc3 35. Bd2 Ba1 36. Ke4 Kc8 37. Be3 Bc3 38. Bg1 Be1 39. Bh2 Bf2 40. Kf3 Be1 41.
Bg1 Bc3 42. Be3 Bb2 43. Ke4 Ba3 44. Bd4 Bb4 45. g4 hxg4 46. hxg4 Be1 47. f5
gxf5+ 48. gxf5 exf5+ 49. Kxf5 Rd8 50. e6 fxe6+ 51. Kxe6 Bh4 52. Rxd8+ Bxd8 53.
Bf6 Bxf6 54. Kxf6 Kd8 55. Kf7 Kc8 56. Ke8 Kb8 57. Kd8 Ka8 58. Kxc7 Ka7 59. Kd8
Kb8 60. c7+ Ka7 61. Kd7 1-0

[Event "DEM U14w 2009"]
[Site "Willingen GER"]
[Date "2009.06.03"]
[Round "6"]
[White "Berger, Nadja"]
[Black "Schäfer, Daniela"]
[Result "0-1"]
[Termination "normal"]
[Board "3"]
[WhiteElo "1598"]
[BlackElo "1905"]
[PlyCount "94"]
[WhiteFideId "24692212"]
[BlackFideId "4624769"]
[EventCountry "GER"]
[EventRounds "9"]
[EventType "swiss"]
[EventDate "2009.05.30"]

1. d4 Nf6 2. Nc3 d6 3. e4 Nbd7 4. Nf3 e5 5. Be3 c6 6. h3 Be7 7. Bd3 Qc7 8. Ne2
d5 9. Ng3 exd4 10. Bxd4 c5 11. Bxf6 Bxf6 12. c3 d4 13. Nh5 dxc3 14. Nxf6+ Nxf6
15. bxc3 Bd7 16. O-O O-O-O 17. Qe2 g5 18. Nh2 h5 19. a4 g4 20. h4 Bc6 21. Rfe1
Rhg8 22. g3 Rge8 23. e5 Nd7 24. Bf5 Kb8 25. Qc4 Rxe5 26. Bxd7 Rxd7 27. Reb1 Kc8
28. Nf1 Bd5 29. Qf4 Re2 30. Qh6 Qc6 31. Qxc6+ Bxc6 32. Ne3 Rdd2 33. Rf1 Ra2 34.
a5 Kc7 35. Nf5 Bb5 36. Ng7 Rec2 37. Rfe1 Rxf2 38. Rxa2 Rxa2 39. Nxh5 Kd6 40.
Nf6 Bc6 41. h5 Rg2+ 42. Kf1 Rxg3 43. Ne4+ Bxe4 44. Rxe4 Rh3 45. Rf4 Ke5 46.
Rxg4 Rxh5 47. Ke2 Rh2+ 0-1

[Event "DEM U14w 2009"]
[Site "Willingen GER"]
[Date "2009.06.03"]
[Round "6"]
[White "Düssler, Stefanie"]
[Black "Zeller, Elisa"]
[Result "1-0"]
[Termination "normal"]
[Board "4"]
[WhiteElo "1681"]
[BlackElo "1662"]
[PlyCount "115"]
[WhiteFideId "4634780"]
[BlackFideId "24662410"]
[EventCountry "GER"]
[EventRounds "9"]
[EventType "swiss"]
[EventDate "2009.05.30"]

1. e4 d6 2. d4 Nf6 3. Nc3 c6 4. f4 Bg4 5. Nf3 e6 6. Bd3 Be7 7. O-O d5 8. e5
Nfd7 9. h3 Bxf3 10. Qxf3 O-O 11. Ne2 c5 12. c3 Nc6 13. Be3 c4 14. Bc2 f6 15.
Qg4 f5 16. Qf3 Kh8 17. g4 g6 18. Rf2 Rg8 19. Rh2 Rg7 20. Kf1 Kg8 21. Ke1 b5 22.
Kd2 b4 23. g5 Kf7 24. h4 Nf8 25. h5 Ke8 26. Rah1 Kd7 27. hxg6 hxg6 28. Ba4 Qb6
29. Bxc6+ Qxc6 30. Ke1 Rb8 31. Nc1 a5 32. Bd2 Qa4 33. Qd1 Qxd1+ 34. Kxd1 Kc6
35. Kc2 a4 36. cxb4 Bxb4 37. Bxb4 Rxb4 38. a3 Rb8 39. Na2 Rgb7 40. Kc1 Ra8 41.
Rh8 Rba7 42. Rg8 Rf7 43. Rhh8 Kb7 44. Nc3 Kc6 45. Nxa4 Rxa4 46. Rxf8 Rg7 47.
Rf6 Kd7 48. Rh6 c3 49. bxc3 Rxa3 50. Kb2 Ra6 51. Rhxg6 Rxg6 52. Rxg6 Ke7 53.
Rg7+ Kf8 54. Rb7 Rc6 55. Rb4 Kg7 56. Kb3 Kg6 57. c4 dxc4+ 58. Rxc4 1-0

[Event "DEM U14w 2009"]
[Site "Willingen GER"]
[Date "2009.06.03"]
[Round "6"]
[White "Lehmann, Patricia"]
[Black "Tran, My Linh"]
[Result "0-1"]
[Termination "normal"]
[Board "5"]
[WhiteElo "1378"]
[BlackElo "1813"]
[PlyCount "120"]
[WhiteFideId "12900060"]
[BlackFideId "24682462"]
[EventCountry "GER"]
[EventRounds "9"]
[EventType "swiss"]
[EventDate "2009.05.30"]

1. d4 Nf6 2. c4 c5 3. d5 b5 4. cxb5 a6 5. bxa6 g6 6. Nc3 Bxa6 7. g3 Bg7 8. Bg2
d6 9. Nf3 Nbd7 10. O-O Nb6 11. Re1 O-O 12. e4 Nfd7 13. Bf4 Nc4 14. Qc2 Qa5 15.
Rec1 Rfb8 16. b3 Na3 17. Qd2 Nb5 18. Nxb5 Bxb5 19. Qxa5 Rxa5 20. a4 Bxa1 21.
Rxa1 Bd3 22. Nd2 Bc2 23. Bh3 Nf6 24. Bg2 Nh5 25. Bg5 f6 26. Be3 Ra7 27. Bf3
Bxb3 28. Nxb3 Rxb3 29. a5 Ng7 30. Bd1 Rb4 31. Bf3 Ne8 32. Kf1 Nc7 33. Ke1 Rab7
34. Bd2 Rb1+ 35. Rxb1 Rxb1+ 36. Ke2 Nb5 37. Kd3 Nd4 38. Bg4 Rb8 39. Bc3 Nb5 40.
Be2 Nxc3 41. Kxc3 Kg7 42. h4 Kf7 43. Bd3 Ke8 44. f4 Kd7 45. Bc4 Kc7 46. Bd3 Rb4
47. a6 Kb6 48. g4 h6 49. f5 g5 50. h5 Rd4 51. Kc2 Rxd3 52. Kxd3 Kxa6 53. Kc4
Ka5 54. Kc3 Kb5 55. Kb3 c4+ 56. Kc3 Kc5 57. Kd2 Kd4 58. Kc2 c3 59. Kd1 Kd3 60.
Kc1 c2 0-1

[Event "DEM U14w 2009"]
[Site "Willingen GER"]
[Date "2009.06.03"]
[Round "6"]
[White "Schmalhorst, Sophia"]
[Black "Gamisch, Laura"]
[Result "0-1"]
[Termination "normal"]
[Board "6"]
[WhiteElo "1843"]
[BlackElo "1744"]
[PlyCount "106"]
[WhiteFideId "24682497"]
[BlackFideId "24615161"]
[EventCountry "GER"]
[EventRounds "9"]
[EventType "swiss"]
[EventDate "2009.05.30"]

1. e4 c5 2. Nf3 e6 3. Nc3 Nc6 4. g3 g6 5. Bg2 Bg7 6. O-O Nge7 7. d3 O-O 8. Be3
d6 9. d4 cxd4 10. Nxd4 d5 11. exd5 exd5 12. Qd2 Be6 13. Rad1 Qd7 14. Nce2 Rad8
15. c3 a6 16. Bh6 Nxd4 17. Nxd4 Bh3 18. Bxg7 Kxg7 19. Rfe1 Bxg2 20. Kxg2 Rfe8
21. Re3 Nc6 22. Rde1 Rxe3 23. Rxe3 Re8 24. Rd3 Ne5 25. Nb3 Nxd3 26. Qxd3 Kg8
27. Nd4 Qg4 28. h3 Qe4+ 29. Qxe4 Rxe4 30. Kf1 Kf8 31. f3 Re5 32. Kf2 Ke7 33.
Kf1 Kd6 34. Nb3 Kc6 35. a4 b6 36. Kf2 h5 37. Kf1 Kd6 38. Kf2 f5 39. Kf1 g5 40.
Kf2 f4 41. g4 hxg4 42. hxg4 Re3 43. Nd4 Kc5 44. Nc2 Re8 45. b3 a5 46. Kf1 b5
47. axb5 Kxb5 48. Nd4+ Kc5 49. Nc2 a4 50. bxa4 Kc4 51. Nd4 Kxc3 52. Ne2+ Kb4
53. Ke1 Re3 0-1

[Event "DEM U14w 2009"]
[Site "Willingen GER"]
[Date "2009.06.03"]
[Round "6"]
[White "Kuckling, Hannah"]
[Black "Kostré, Margarita"]
[Result "1-0"]
[Termination "normal"]
[Board "7"]
[WhiteElo "1525"]
[BlackElo "1747"]
[PlyCount "61"]
[WhiteFideId "24603660"]
[BlackFideId "4673344"]
[EventCountry "GER"]
[EventRounds "9"]
[EventType "swiss"]
[EventDate "2009.05.30"]

1. e4 e5 2. Nf3 Nc6 3. Bb5 f5 4. d3 fxe4 5. dxe4 Nf6 6. O-O Bc5 7. Nc3 d6 8.
Bg5 a6 9. Ba4 Bd7 10. Nd5 Rf8 11. Nh4 Ne7 12. Bxd7+ Qxd7 13. Bxf6 gxf6 14. Qh5+
Kd8 15. Qxh7 Nxd5 16. Qxd7+ Kxd7 17. exd5 Rh8 18. Nf5 Rh7 19. Rad1 Rah8 20. h3
Rg8 21. Kh2 Rg5 22. Ng3 Rhg7 23. Rd3 f5 24. h4 Rg4 25. Kh3 e4 26. Rb3 e3 27.
Nxf5 e2 28. Re1 Bxf2 29. Rxe2 Rf4 30. Rxf2 Rxf2 31. Nxg7 1-0

[Event "DEM U14w 2009"]
[Site "Willingen GER"]
[Date "2009.06.03"]
[Round "6"]
[White "Marx, Inga"]
[Black "Schäfer, Ann-Kathrin"]
[Result "1-0"]
[Termination "normal"]
[Board "8"]
[WhiteElo "1460"]
[BlackElo "1647"]
[PlyCount "67"]
[WhiteFideId "4654749"]
[BlackFideId "24615412"]
[EventCountry "GER"]
[EventRounds "9"]
[EventType "swiss"]
[EventDate "2009.05.30"]

1. e4 e6 2. d4 d5 3. Nc3 dxe4 4. Nxe4 Qd5 5. Nc3 Bb4 6. Nf3 Nf6 7. Bd3 Bd7 8.
O-O Bxc3 9. bxc3 Bb5 10. Bf4 Bxd3 11. Qxd3 c6 12. Rfe1 O-O 13. c4 Qh5 14. Ne5
Nbd7 15. Rab1 Nb6 16. c5 Nbd5 17. Bg3 b6 18. c4 Ne7 19. cxb6 axb6 20. Rxb6 Rxa2
21. Nxc6 Nxc6 22. Rxc6 Rfa8 23. Qb1 g6 24. Rc8+ Rxc8 25. Qxa2 Qg4 26. Qa6 Rd8
27. Be5 Nd7 28. Qa5 Rc8 29. h3 Qh4 30. Qa6 Rd8 31. Bc7 Re8 32. d5 Nc5 33. Qc6
Qe7 34. d6 1-0

[Event "DEM U14w 2009"]
[Site "Willingen GER"]
[Date "2009.06.03"]
[Round "6"]
[White "Puffay, Jana"]
[Black "Schmitt, Katrin"]
[Result "0-1"]
[Termination "normal"]
[Board "9"]
[WhiteElo "1204"]
[BlackElo "1606"]
[PlyCount "96"]
[WhiteFideId "24692360"]
[BlackFideId "24654400"]
[EventCountry "GER"]
[EventRounds "9"]
[EventType "swiss"]
[EventDate "2009.05.30"]

1. e4 e5 2. Nf3 Nc6 3. Bc4 Bc5 4. c3 Nf6 5. d3 a6 6. Bb3 Ba7 7. Nbd2 d5 8. Qe2
O-O 9. O-O Re8 10. h3 dxe4 11. Nxe4 Nxe4 12. Qxe4 h6 13. Bc2 f5 14. Bb3+ Kh7
15. Qe2 Be6 16. Bc2 Qf6 17. Be3 Bf7 18. Bxa7 Nxa7 19. Rfe1 Nc6 20. Nh2 Rad8 21.
g4 Bg6 22. Rad1 Qh4 23. Qf3 Rf8 24. Qg2 fxg4 25. hxg4 Rd6 26. Re3 Rfd8 27. Nf3
Qf6 28. g5 Qf4 29. gxh6 gxh6 30. Ne1 Rg8 31. Rg3 Ne7 32. a3 Nf5 33. Rg4 Qxg4
34. Qxg4 Bh5 35. Qxg8+ Kxg8 36. Rd2 Ng7 37. d4 exd4 38. Rxd4 Rxd4 39. cxd4 Ne6
40. Bb3 Bf7 41. Nf3 Nf4 42. Bxf7+ Kxf7 43. Kf1 Ke6 44. Kg1 Nd3 45. b3 h5 46.
Kg2 Kd5 47. Kg3 c6 48. Kg2 Ke4 0-1

[Event "DEM U14w 2009"]
[Site "Willingen GER"]
[Date "2009.06.03"]
[Round "6"]
[White "Röhlich, Anna"]
[Black "Spangenberg, Romy"]
[Result "1-0"]
[Termination "normal"]
[Board "10"]
[WhiteElo "1175"]
[BlackElo "1453"]
[PlyCount "79"]
[BlackFideId "4627997"]
[EventCountry "GER"]
[EventRounds "9"]
[EventType "swiss"]
[EventDate "2009.05.30"]

1. e4 c5 2. Nc3 e6 3. Nge2 Nc6 4. g3 Nf6 5. Bg2 d5 6. exd5 exd5 7. d4 c4 8. O-O
Bg4 9. h3 Bxe2 10. Qxe2+ Be7 11. Qd1 O-O 12. Bf4 a6 13. Re1 Bb4 14. Bd2 Nxd4
15. Bg5 Nb5 16. Bd2 Bxc3 17. bxc3 h6 18. Rb1 Rb8 19. Re3 d4 20. cxd4 Qxd4 21.
Re1 Qd7 22. Bf4 Rbd8 23. Qxd7 Rxd7 24. a4 Nc3 25. Rxb7 Nxa4 26. Rxd7 Nxd7 27.
Ra1 Ndc5 28. Be3 Rd8 29. Bc6 Rc8 30. Bxa4 Nxa4 31. Rxa4 Rc6 32. Kg2 Kf8 33. Kf3
Ke7 34. Ke4 Kd6 35. f4 g6 36. g4 Ke6 37. f5+ gxf5+ 38. gxf5+ Ke7 39. Kd5 h5 40.
Rxc4 1-0

[Event "DEM U14w 2009"]
[Site "Willingen GER"]
[Date "2009.06.03"]
[Round "6"]
[White "Liez, Franziska"]
[Black "Rahimi, Rozafa"]
[Result "1-0"]
[Termination "normal"]
[Board "11"]
[WhiteElo "1037"]
[BlackElo "1408"]
[PlyCount "101"]
[WhiteFideId "1271766"]
[BlackFideId "24692280"]
[EventCountry "GER"]
[EventRounds "9"]
[EventType "swiss"]
[EventDate "2009.05.30"]

1. e4 c5 2. Nf3 d6 3. Nc3 Nc6 4. g3 Nf6 5. Bg2 Bg4 6. d3 e6 7. Be3 Be7 8. Qd2
Qb6 9. b3 d5 10. exd5 exd5 11. Na4 Qb4 12. O-O Qxd2 13. Nxd2 Nd7 14. Bxd5 Rc8
15. Rfe1 O-O 16. Rab1 Nb4 17. Bxb7 Rb8 18. Be4 Nxc2 19. Rec1 Na3 20. Ra1 Bf6
21. Bxc5 Nxc5 22. Nxc5 Bxa1 23. Rxa1 Rfc8 24. Rc1 Nb5 25. b4 Nd4 26. Rc4 Ne6
27. Ndb3 Nxc5 28. Nxc5 Be6 29. Nxe6 fxe6 30. b5 h6 31. h4 Kf8 32. a4 Ke7 33.
Rd4 Rd8 34. Rc4 Rbc8 35. Rb4 Rd6 36. Kg2 Rcd8 37. a5 Rb8 38. f4 Kf6 39. g4 e5
40. Kf3 Rd4 41. Rxd4 exd4 42. Bc6 Rd8 43. Ke4 Ke6 44. h5 Kf6 45. b6 axb6 46. a6
b5 47. a7 b4 48. a8=Q Rxa8 49. Bxa8 b3 50. Bd5 b2 51. Ba2 1-0

[Event "DEM U14w 2009"]
[Site "Willingen GER"]
[Date "2009.06.03"]
[Round "6"]
[White "Lange, Anika"]
[Black "Ludwig, Maria"]
[Result "1-0"]
[Termination "normal"]
[Board "12"]
[WhiteElo "1275"]
[BlackElo "887"]
[PlyCount "29"]
[WhiteFideId "24693405"]
[BlackFideId "24655791"]
[EventCountry "GER"]
[EventRounds "9"]
[EventType "swiss"]
[EventDate "2009.05.30"]

1. e4 e5 2. f4 f6 3. Nf3 d6 4. Bc4 Nc6 5. O-O Bg4 6. Nc3 Nge7 7. h3 Bxf3 8.
Qxf3 Nd4 9. Qd1 Qd7 10. d3 a6 11. Ne2 Nec6 12. Nxd4 Nxd4 13. c3 Nc6 14. f5
O-O-O 15. Be6 1-0